Statistics for Best NBA Player by Last Name 2022

Click here to take the quiz!

General Stats

  • This quiz has been taken 43 times
  • The average score is 14 of 25

Answer Stats

LetterAnswer% Correct
JLeBron JAMES
94%
AGiannis ANTETOKOUNMPO
91%
CStephen CURRY
82%
DKevin DURANT
79%
TJayson TATUM
76%
EJoel EMBIID
76%
MJa MORANT
74%
IKyrie IRVING
71%
YTrae YOUNG
71%
WZion WILLIAMSON
71%
BJimmy BUTLER
68%
LKawhi LEONARD
62%
GPaul GEORGE
62%
PChris PAUL
59%
HJames HARDEN
59%
SPascal SIAKAM
59%
VNikola VUCEVIC
44%
FDe'Aaron FOX
38%
RJulius RANDLE
29%
ZIvica ZUBAC
26%
OVictor OLADIPO
26%
QImmanuel QUICKLEY
24%
NJusuf NURKIC
24%
KKyle KUZMA
15%
UTyler ULIS
12%

Score Distribution

Percentile by Number Answered

Percent of People with Each Score

Your Score History

You have not taken this quiz